The postal history of the Antarctic 1904-49 (Record no. 2256)

000 -LEADER
fixed length control field 00666nam a22001097a 4500
008 - FIXED-LENGTH DATA ELEMENTS--GENERAL INFORMATION
fixed length control field 170213b xxu||||| |||| 00| 0 eng d
100 ## - MAIN ENTRY--AUTHOR'S NAME
Author's Name Bagshawe, Richard
245 ## - TITLE STATEMENT
Title The postal history of the Antarctic 1904-49
260 ## - PUBLICATION, DISTRIBUTION, ETC. (IMPRINT)
Place of publication, distribution, etc. Cambridge, [England]
Name of publisher, distributor, etc. Scott Polar Research Institute
Date of publication, distribution, etc. 1951
650 ## - TOPICAL TERM (Tag)
Topical term or geographic name Antarctica | British Antarctic Territory | Falkland Island Dependencies | Australian Antarctic Territory | Postal History | 1904-1949 | Polar Mail | Antarctic Expeditions | Postal Markings | Covers | Shipping Companies and Packet Service | Maritime Mail | United States. Navy. | Postal Markings -- Navy | Stamps -- Histories | Topical Collecting
700 ## - SECONDARY AUTHOR, EDITOR OR ILLUSTRATOR
Personal Name Goldup, John
Holdings
Withdrawn status Lost status Source of classification or shelving scheme Damaged status Koha normalized classification for sorting Not for loan Collection code Permanent Location Current Location Shelving location Date acquired Total Checkouts Full call number Barcode Date last seen Copy number Price effective from
        G9801 P856 B149     Northern Philatelic Library Northern Philatelic Library General Stacks 02/13/2017   G9801 P856 B149 1002671 02/13/2017 1 02/13/2017

Powered by Koha